|
|
|
|
| LEADER |
01328ppm a22003378a 4500 |
| 001 |
00031786 |
| 005 |
20171026081025.0 |
| 008 |
140217s2013 ||||||viesd |
| 041 |
0 |
# |
|a vie
|
| 082 |
1 |
4 |
|b S550C
|a 355.4
|
| 100 |
0 |
# |
|a Lê, Thị Thảo Sương
|
| 245 |
1 |
0 |
|a Sự can thiệp quân sự của Mĩ vào Việt Nam những năm 50 của thế kỷ XX
|b Khóa luận tốt nghiệp : Ngành Sư phạm Lịch sử: Trình độ : Đại học
|c Lê Thị Thảo Sương, Nguyễn Thế Hồng (hướng dẫn)
|
| 260 |
# |
# |
|a Đồng Tháp
|b Trường Đại học Đồng Tháp
|c 2013
|
| 300 |
# |
# |
|a 75 tr.
|c 30 cm.
|e 1 bản tóm tắt
|
| 500 |
# |
# |
|a ĐTTTS ghi: Bộ Giáo dục và Đào tạo. Trường Đại học Đồng Tháp. Khoa Giáo dục Chính Trị
|
| 653 |
# |
# |
|a Can thiệp
|
| 653 |
# |
# |
|a Việt Nam
|
| 653 |
# |
# |
|a Thế kỉ XX
|
| 653 |
# |
# |
|a Quân sự
|
| 653 |
# |
# |
|a Mĩ
|
| 700 |
1 |
# |
|a Nguyễn, Thế Hồng
|e hướng dẫn
|
| 852 |
# |
# |
|j KD.0015414
|j KD.0015407
|
| 852 |
# |
# |
|b Kho đọc
|j KD.0015407, KD.0015414
|
| 910 |
0 |
# |
|d 27/02/2014
|
| 980 |
# |
# |
|a Trung tâm Học liệu Lê Vũ Hùng, Trường Đại học Đồng Tháp
|